Interventions and innovations for reform in civil service: a case study of district rural development agency (DRDA) Ghaziabad, Uttar Pradesh (Record no. 492310)

000 -LEADER
fixed length control field 00563cam a22001457a 4500
008 - FIXED-LENGTH DATA ELEMENTS--GENERAL INFORMATION
fixed length control field 180718b1986 xxu||||| |||| 00| 0 eng d
082 ## - DEWEY DECIMAL CLASSIFICATION NUMBER
Classification number PROJ.REP. 1986/DUB
100 ## - MAIN ENTRY--PERSONAL NAME
Personal name Dubhashi, P.R.
245 ## - TITLE STATEMENT
Title Interventions and innovations for reform in civil service: a case study of district rural development agency (DRDA) Ghaziabad, Uttar Pradesh
Statement of responsibility, etc. by P.R. Dubhashi and B.M. Verma
260 ## - PUBLICATION, DISTRIBUTION, ETC.
Place of publication, distribution, etc. New Delhi
Name of publisher, distributor, etc. Indian Institute of Public Administration
Date of publication, distribution, etc. 1986
300 ## - PHYSICAL DESCRIPTION
Extent 60p.
440 ## - SERIES STATEMENT/ADDED ENTRY--TITLE
Title IIPA Working Paper, 1986: 2
650 ## - SUBJECT ADDED ENTRY--TOPICAL TERM
Topical term or geographic name entry element Civil service
700 ## - ADDED ENTRY--PERSONAL NAME
Personal name Verma, B.M.
Holdings
Withdrawn status Lost status Damaged status Not for loan Permanent Location Current Location Date acquired Full call number Barcode Date last seen Price effective from Koha item type
        Indian Institute of Public Administration Indian Institute of Public Administration 2018-08-04 PROJ.REP. 1986/DUB GR16151 2018-08-04 2018-08-04 GR

Powered by Koha